| 000 -LEADER |
| fixed length control field |
00928cam a2200241 a 4500 |
| 001 - CONTROL NUMBER |
| control field |
15206481 |
| 005 - DATE AND TIME OF LATEST TRANSACTION |
| control field |
20211018123040.0 |
| 008 - FIXED-LENGTH DATA ELEMENTS--GENERAL INFORMATION |
| fixed length control field |
080305s2007 caua 001 0 eng d |
| 010 ## - LIBRARY OF CONGRESS CONTROL NUMBER |
| LC control number |
2008297415 |
| 020 ## - INTERNATIONAL STANDARD BOOK NUMBER |
| International Standard Book Number |
9781403144157 |
| 020 ## - INTERNATIONAL STANDARD BOOK NUMBER |
| International Standard Book Number |
140314415X |
| 041 ## - LANGUAGE CODE |
| Language code of text/sound track or separate title |
eng |
| 080 ## - UNIVERSAL DECIMAL CLASSIFICATION NUMBER |
| Universal Decimal Classification number |
299.93 H-88 |
| 100 1# - MAIN ENTRY--PERSONAL NAME |
| Personal name |
Hubbard, L. Ron |
| Fuller form of name |
|
| Dates associated with a name |
|
| 9 (RLIN) |
12506 |
| 245 10 - TITLE STATEMENT |
| Title |
Scientology 8-80 : |
| Remainder of title |
the discovery and increase of life energy in the genus Homo sapiens / |
| Statement of responsibility, etc. |
L. Ron Hubbard. |
| 264 ## - PRODUCTION, PUBLICATION, DISTRIBUTION, MANUFACTURE, AND COPYRIGHT NOTICE |
| Place of production, publication, distribution, manufacture |
Los Angeles: |
| Name of producer, publisher, distributor, manufacturer |
Bridge Publications, |
| Date of production, publication, distribution, manufacture, or copyright notice |
2007. |
| 300 ## - PHYSICAL DESCRIPTION |
| Extent |
199 p. : |
| Other physical details |
ill. ; |
| Dimensions |
25 cm. |
| 440 ## - SERIES STATEMENT/ADDED ENTRY--TITLE |
| Title |
a Scientology Publication |
| 9 (RLIN) |
12670 |
| 650 #0 - SUBJECT ADDED ENTRY--TOPICAL TERM |
| Topical term or geographic name entry element |
Scientology. |
| 9 (RLIN) |
12671 |
| 653 ## - INDEX TERM--UNCONTROLLED |
| keyword |
ჰომო საპიენსის გვარში სიცოცხლის ენერგიის აღმოჩენა და გაზრდა |
| 653 ## - INDEX TERM--UNCONTROLLED |
| keyword |
the discovery and increase of life energy in the genus Homo sapiens |
| 942 ## - ADDED ENTRY ELEMENTS (KOHA) |
| Koha item type |
წიგნი |